000 00430nam a2200157Ia 4500
003 0STCL
008 150530s9999 xx 000 0 und d
040 _aSTCL
_cSTCL
100 _aReserve Bank of India; Mumbai
245 _aReport of the Committee on Technology upgradation in the Banking Sector
260 _bReserve Bank of India
_c1999
546 _aEnglish
942 _2ddc
_cBK
999 _c15187
_d15187
005 20220125165725.0